01938 2200397 4500001002100000005001500021035002000036008004100056020001800097041000800115082001100123084001700134100002800151245015000179250001300329260003400342300003400376520072200410650002401132990002401156990002401180990002401204990002401228990002401252990002401276990002401300990002401324990002401348990002401372990002401396990002401420990002401444990002401468990002401492990002401516INLIS00000000000785620221107103118 a0010-0520007856221107 | | ind  a9789795381921 aind a346.08 a346.08 HER c0 aHerlina Suyati Bachtiar1 aContoh Akta Notaris dan Akta di Bawah Tangan Buku I :bMengenai Akta-akta Umum, Perbankan dan Perusahaan Multi Finance /cHerlina Suyati Bachtiar aCet.ke-3 aBandung :bMandar Maju,c2008 aviii, 248p.; 21 cm. ;c21 cm. aBuku seri kesatu ini membahas mengenai pengalaman yang diperoleh oleh penulis dalam bekerja di dunia perbankan dan perusahaan multi finance. Dalam buku ini, penulis menyiapkan contoh-contoh perjanjian di bawah tangan yang lazim digunakan di perbankan dan perusahaan multi finance. Diharapkan buku ini bermanfaat bagi pihak-pihak yang ingin mengetahui form apa saja yang dipergunakan di perbankan dan perusahaan multi finance dan juga bagi sarjana hukum yang ingin merintis karier di bidang perbankan ataupun perusahaan multi finance untuk dijadikan sebagai bahan permulaan untuk bekerja ataupun bahan perbandingan dengan bentuk-bentuk perjanjian yang digunakan di bank/perusahaan multi finance tempat pembaca bekerja. 4aNotaris - Indonesia a16727/MKRI-P/X-2010 a16728/MKRI-P/X-2010 a16730/MKRI-P/X-2010 a16729/MKRI-P/X-2010 a16730/MKRI-P/X-2010 a16727/MKRI-P/X-2010 a16728/MKRI-P/X-2010 a16729/MKRI-P/X-2010 a16729/MKRI-P/X-2010 a16727/MKRI-P/X-2010 a16728/MKRI-P/X-2010 a16730/MKRI-P/X-2010 a16728/MKRI-P/X-2010 a16727/MKRI-P/X-2010 a16730/MKRI-P/X-2010 a16729/MKRI-P/X-2010